|
|
|
|
| LEADER |
00000nab a2200000 ar4500 |
| 001 |
vtls008989503 |
| 003 |
SK-MaSNL |
| 005 |
20260303065109.0 |
| 008 |
070518c20070509xo mr|p|||||||000 b|slo |
| 015 |
|
|
|a SNKBUCL2007/05
|2 snkbucl
|
| 038 |
|
|
|a SNKBUCL
|
| 040 |
|
|
|a SNKBUCL
|b slo
|c SNKBUCL
|e AACR2
|
| 041 |
0 |
|
|a slo
|
| 044 |
|
|
|a xo
|c SK
|
| 080 |
|
|
|a 796.88.093.1
|x (4)
|2 2001
|
| 245 |
0 |
0 |
|a Bačinský majstrom Európy
|
| 611 |
2 |
7 |
|a Majstrovstvá Európy mužov v silovom trojboji
|n (30. :
|d 2007 :
|c Koscian, Poľsko)
|2 snkbucl
|9 1064691
|
| 650 |
0 |
7 |
|a silový trojboj
|2 snkbucl
|9 58231
|
| 773 |
0 |
|
|t Šport
|g Roč. 61, č. 105 (9.5.2007), s. 38
|x 0139-7001
|
| 852 |
|
|
|a SNK
|b KIS3GCP
|
| 999 |
|
|
|c 1749821
|d 1751751
|